Advances in imaging and electron physics

שמור ב:
מידע ביבליוגרפי
מחבר ראשי: Breton, Bernard C.
פורמט: ספר
שפה:Undetermined
יצא לאור: New York Elsevier 2004
נושאים:
תגים: הוספת תג
אין תגיות, היה/י הראשונ/ה לתייג את הרשומה!
Thư viện lưu trữ: Trung tâm Học liệu Trường Đại học Cần Thơ
LEADER 00551nam a2200181Ia 4500
001 CTU_99561
008 210402s9999 xx 000 0 und d
082 |a 537.5 
082 |b B844/Vol.133 
100 |a Breton, Bernard C. 
245 0 |a Advances in imaging and electron physics 
245 0 |c Bernard C. Breton, Dennis McMullan, Kenneth C.A.. Smith 
260 |a New York 
260 |b Elsevier 
260 |c 2004 
650 |a Electrons,Image processing,Electronics 
904 |i Tuyến 
980 |a Trung tâm Học liệu Trường Đại học Cần Thơ